Mathematical Statistics (Record no. 88431)

MARC details
000 -LEADER
fixed length control field 00519nam a2200205Ia 4500
008 - FIXED-LENGTH DATA ELEMENTS--GENERAL INFORMATION
fixed length control field 230125s9999 xx 000 0 und d
020 ## - INTERNATIONAL STANDARD BOOK NUMBER
International Standard Book Number 81-7381-188-1
041 ## - LANGUAGE CODE
Language code of text/sound track or separate title eng
082 ## - DEWEY DECIMAL CLASSIFICATION NUMBER
Classification number 519.5
Item number MUK
100 ## - MAIN ENTRY--PERSONAL NAME
Personal name Mukhopadhyay P
9 (RLIN) 111505
245 ## - TITLE STATEMENT
Title Mathematical Statistics
260 ## - PUBLICATION, DISTRIBUTION, ETC. (IMPRINT)
Date of publication, distribution, etc. 1996
Name of publisher, distributor, etc. Central Publication
Place of publication, distribution, etc. Calcutta
300 ## - PHYSICAL DESCRIPTION
Extent 980p
500 ## - GENERAL NOTE
Keywords Statistics
500 ## - GENERAL NOTE
Keywords Statistics
650 ## - SUBJECT ADDED ENTRY--TOPICAL TERM
Topical term or geographic name as entry element Mathematics
9 (RLIN) 106897
700 ## - ADDED ENTRY--PERSONAL NAME
Personal name Mukhopadhyay P
9 (RLIN) 111505
906 ## - LOCAL DATA ELEMENT F, LDF (RLIN)
b 35
Holdings
Withdrawn status Lost status Damaged status Not for loan Home library Current library Date acquired Vendor Cost, normal purchase price Bill number Full call number Barcode Date last seen Cost, replacement price Bill Date Koha item type Original Barcode
Withdrawn       Smt. Hiraben Nanavati Institute of Management & Research for Women Smt. Hiraben Nanavati Institute of Management & Research for Women 13/01/1997 Varma Book Distributor 235.00 11390 519.5 MUK B00075 HIMR-BK-75 25/01/2023 200.00 13/01/1997 Books B00075